000 00882 a2200241 4500
005 20081014114546.0
008 081014t xxu||||| |||| 00| 0 eng d
010 _aENG-91302
020 _a9788190691826
_c690.00
035 _aEN-74835
037 _bDBAD / PUB
040 _adpl
_bEnglish
082 _a300.72
245 _aMethodology of social research /
_cedited by Anil Kumar
260 _aNew Delhi
_bAlfa Publications
_c2008
270 _a4398/5, Ansari Raod, Daryaganj,
_bNew Delhi
_e110002
300 _av, 272p.
_c22 cm ( pbk.)
500 _aIncludes index
650 _aSocial research
_xMethodology
700 _aAnil Kumar
942 _adpl
_cEN
_2ddc
_mMET
_h300.72
999 _c16665
_d16665